The theory of preaching: (Record no. 11532)

000 -LEADER
fixed length control field 00567nam a2200181 a 4500
001 - CONTROL NUMBER
control field :::00009331$&:&@@
003 - CONTROL NUMBER IDENTIFIER
control field OkBaRHE
005 - DATE AND TIME OF LATEST TRANSACTION
control field 20000607103350.0
008 - FIXED-LENGTH DATA ELEMENTS--GENERAL INFORMATION
fixed length control field s1881 j 000 0 eng u
040 ## - CATALOGING SOURCE
Transcribing agency
100 1# - MAIN ENTRY--PERSONAL NAME
Personal name Phelps, Austin, 1820-1890.
245 14 - TITLE STATEMENT
Title The theory of preaching:
Remainder of title lectures on homiletics.
260 ## - PUBLICATION, DISTRIBUTION, ETC. (IMPRINT)
Place of publication, distribution, etc New York, NY., :
Name of publisher, distributor, etc Charles Scribner's Sons
Date of publication, distribution, etc c1881
300 ## - PHYSICAL DESCRIPTION
Extent 610 p. ;
Dimensions 22 cm.
650 ## - SUBJECT ADDED ENTRY--TOPICAL TERM
Topical term or geographic name as entry element Preaching
942 ## - ADDED ENTRY ELEMENTS (KOHA)
Source of classification or shelving scheme
Koha item type Books
Copies
Permanent Location Date last seen Damaged status Copy number Lost status Barcode Full call number Withdrawn status Not for loan Source of classification or shelving scheme Date acquired Koha item type Price effective from Shelving location
RHEMA Bible Training College2010-04-14 1 9331BV 4211 .P45   2010-04-14Books2010-04-14General Stacks